| 000 | 00000nam##2200000za#4500 |
| 001 | 9.615154 |
| 003 | CaOODSP |
| 005 | 20210615101019 |
| 007 | ta |
| 008 | 150406|2000||||xxc||||| f|0| 0 eng|d |
| 020 | |a0-662-28888-2 |
| 040 | |aCaOODSP|beng |
| 043 | |an-cn--- |
| 086 | 1 |aNE23-85/2000E |
| 110 | 1 |aCanada. |bNational Energy Board. |
| 245 | 10|aNortheast British Columbia natural gas resource assessment, 1992-1997 |
| 260 | |aCalgary - Alberta : |bNational Energy Board |c2000. |
| 300 | |aiii, 10p. : |bfigs., references, tables ; |c28 cm. |
| 490 | 1 |aTechnical report |
| 500 | |a"The main objective of this report is to assess the effectiveness of drilling activity in developing new sources of gas supply within the region. This document is based on the Board's working document Natural gas resource assessment -- Northeast British Columbia, first published in 1994 and re-edited in 1999, that determined natural gas resources in regional settings as well as geological plays."--Foreword. N.B.: The ISBN (0-662-27348-6) printed on this publication is incorrect. |
| 520 | 3 |aThe main objective of this report is to assess the effectiveness of drilling activity in developing new sources of gas supply within the region. This document is based on the Board's working document Natural gas resource assessment -- Northeast British Columbia, first published in 1994 and re-edited in 1999, that determined natural gas resources in regional settings as well as geological plays.--Foreword |
| 563 | |aSoftcover |
| 590 | |a00-46|b2000-11-17 |
| 690 | 07|aDrilling|2gcpds |
| 690 | 07|aPetroleum industry|2gcpds |
| 776 | 0#|tNortheast British Columbia natural gas resource assessment, 1992-1997 |w(CaOODSP)9.573548 |
| 830 | #0|aTechnical report.|w(CaOODSP)9.514810 |